[Event "CYCC U10"]
[Site "Quebec CAN"]
[Date "2008.07.15"]
[Round "3"]
[White "Doknjas, John"]
[Black "Yang, Bryant"]
[Result "1/2-1/2"]
[WhiteElo "1615"]
[BlackElo "1348"]
[PlyCount "71"]
[GameId "2160767910353899"]
[EventDate "2008.07.14"]
[EventType "swiss"]
[EventRounds "7"]
[EventCountry "CAN"]
[SourceTitle "EXT 2011"]
[Source "ChessBase"]
[SourceDate "2011.11.26"]
[SourceVersion "1"]
[SourceVersionDate "2011.11.26"]
[SourceQuality "1"]

1. d4 d5 2. c4 dxc4 3. e3 Nf6 4. Bxc4 e6 5. Nc3 c5 6. Nf3 Nc6 7. O-O a6 8. a4 b6 9. d5 exd5 10. Nxd5 Nxd5 11. Bxd5 Bb7 12. Qb3 Be7 13. Bxf7+ Kf8 14. Rd1 Qc7 15. Bh5 g6 16. Bg4 Rd8 17. Bd2 Bf6 18. Bc3 Bxc3 19. Qxc3 Qg7 20. Rxd8+ Nxd8 21. Rd1 Nf7 22. Qxg7+ Kxg7 23. Rd7 Bc8 24. Re7 Bxg4 25. Ne5 Kf6 26. Nxf7 Kxe7 27. Nxh8 Be6 28. f4 Kf8 29. h3 Kg7 30. Nxg6 hxg6 31. g4 b5 32. axb5 axb5 33. Kf2 Kf6 34. e4 c4 35. Ke3 b4 36. Kd4 1/2-1/2

[Event "CYCC U10"]
[Site "Quebec CAN"]
[Date "2008.07.15"]
[Round "3"]
[White "Graif, William"]
[Black "Preotu, Razvan"]
[Result "1-0"]
[WhiteElo "1050"]
[BlackElo "1526"]
[PlyCount "37"]
[GameId "2160767910353901"]
[EventDate "2008.07.14"]
[EventType "swiss"]
[EventRounds "7"]
[EventCountry "CAN"]
[SourceTitle "EXT 2011"]
[Source "ChessBase"]
[SourceDate "2011.11.26"]
[SourceVersion "1"]
[SourceVersionDate "2011.11.26"]
[SourceQuality "1"]

1. e4 e5 2. Nf3 Nf6 3. Nc3 Nc6 4. d4 exd4 5. Nxd4 Nxd4 6. Qxd4 d6 7. Be2 Be7 8. O-O O-O 9. Be3 Ng4 10. Bxg4 Bxg4 11. Rfe1 Bf6 12. e5 Bxe5 13. Qxg4 Kh8 14. Rad1 Qf6 15. Bd4 Rfe8 16. Nd5 Qd8 17. Bxe5 Rxe5 18. Rxe5 dxe5 19. Nb6 1-0

[Event "CYCC U10"]
[Site "Quebec CAN"]
[Date "2008.07.15"]
[Round "3"]
[White "Gu, Sheng Ming"]
[Black "Jean, Justin"]
[Result "1-0"]
[WhiteElo "1398"]
[BlackElo "1305"]
[PlyCount "81"]
[GameId "2160767910353902"]
[EventDate "2008.07.14"]
[EventType "swiss"]
[EventRounds "7"]
[EventCountry "CAN"]
[SourceTitle "EXT 2011"]
[Source "ChessBase"]
[SourceDate "2011.11.26"]
[SourceVersion "1"]
[SourceVersionDate "2011.11.26"]
[SourceQuality "1"]

1. e4 c5 2. Nf3 Nc6 3. d4 cxd4 4. Nxd4 Nf6 5. Nc3 g6 6. Be3 d6 7. f3 e5 8. Nb3 Bg7 9. Bd3 O-O 10. O-O Bd7 11. f4 Qe7 12. fxe5 dxe5 13. Bc5 Qd8 14. Bxf8 Bxf8 15. Qf3 Bg7 16. Nd5 Nxd5 17. Qxf7+ Kh8 18. exd5 Nb4 19. Nc5 Bg4 20. Kh1 Qh4 21. Qxb7 Rg8 22. Qxb4 Bh6 23. Qe1 Qxe1 24. Raxe1 Rf8 25. Rxf8+ Bxf8 26. Re4 Bf5 27. Rc4 Bxd3 28. cxd3 Bg7 29. Ne6 e4 30. Nxg7 Kxg7 31. dxe4 Kf6 32. Rc7 Ke5 33. Rxh7 Kxe4 34. d6 g5 35. d7 g4 36. Re7+ Kf4 37. d8=Q Kg5 38. Re5+ Kg6 39. Qd6+ Kg7 40. Re7+ Kg8 41. Qd8# 1-0

[Event "CYCC U10"]
[Site "Quebec CAN"]
[Date "2008.07.15"]
[Round "3"]
[White "Herdin, Matthew"]
[Black "Feng, Robert"]
[Result "1/2-1/2"]
[WhiteElo "1228"]
[BlackElo "1238"]
[PlyCount "98"]
[GameId "2160767910353903"]
[EventDate "2008.07.14"]
[EventType "swiss"]
[EventRounds "7"]
[EventCountry "CAN"]
[SourceTitle "EXT 2011"]
[Source "ChessBase"]
[SourceDate "2011.11.26"]
[SourceVersion "1"]
[SourceVersionDate "2011.11.26"]
[SourceQuality "1"]

1. e4 e5 2. Nf3 Nc6 3. Bc4 Bc5 4. O-O Nf6 5. d3 d5 6. exd5 Nxd5 7. Qe2 f6 8. Qe4 Be6 9. Bxd5 Bxd5 10. Qg4 Qd7 11. Qxd7+ Kxd7 12. Nfd2 Rad8 13. Nc3 Kc8 14. Nde4 Bb6 15. Nxd5 Rxd5 16. Bd2 Rhd8 17. Rfd1 Nd4 18. c4 R5d7 19. c5 Bxc5 20. Nxc5 Rd5 21. Ne4 f5 22. Nc3 R5d6 23. Be3 Nc6 24. Nb5 Rxd3 25. Rxd3 Rxd3 26. Nxa7+ Nxa7 27. Bxa7 b6 28. h3 Kb7 29. Bxb6 cxb6 30. b3 e4 31. Kf1 g6 32. Ke2 b5 33. Rd1 Rxd1 34. Kxd1 Kc6 35. a3 f4 36. Kd2 Kd5 37. Kc3 Kc5 38. Kd2 g5 39. g3 h5 40. gxf4 gxf4 41. a4 bxa4 42. bxa4 Kb4 43. a5 Kxa5 44. Kc3 e3 45. fxe3 fxe3 46. Kd3 Kb5 47. Kxe3 Kc6 48. Kf4 Kd7 49. Kg5 Ke8 1/2-1/2

[Event "CYCC U10"]
[Site "Quebec CAN"]
[Date "2008.07.15"]
[Round "3"]
[White "Jensen, Jacob"]
[Black "Roberge, Alexandre"]
[Result "1-0"]
[WhiteElo "1569"]
[BlackElo "889"]
[PlyCount "48"]
[GameId "2160767910353904"]
[EventDate "2008.07.14"]
[EventType "swiss"]
[EventRounds "7"]
[EventCountry "CAN"]
[SourceTitle "EXT 2011"]
[Source "ChessBase"]
[SourceDate "2011.11.26"]
[SourceVersion "1"]
[SourceVersionDate "2011.11.26"]
[SourceQuality "1"]

1. c4 e5 2. Nc3 Nf6 3. g3 Bc5 4. Bg2 d6 5. Nf3 Ng4 6. O-O O-O 7. h3 Bxf2+ 8. Rxf2 Nxf2 9. Kxf2 f5 10. d3 f4 11. g4 Nc6 12. Bd2 Be6 13. Qc2 Nd4 14. Nxd4 exd4 15. Ne4 c5 16. Rf1 Qd7 17. Ke1 b6 18. Ng5 a5 19. Nxe6 Qxe6 20. Bd5 Rfe8 21. Bxe6+ Rxe6 22. Rxf4 Rae8 23. Re4 Rxe4 24. dxe4 h6 1-0

[Event "CYCC U10"]
[Site "Quebec CAN"]
[Date "2008.07.15"]
[Round "3"]
[White "Levesque, Brale"]
[Black "Song, Terry"]
[Result "0-1"]
[WhiteElo "1226"]
[BlackElo "1435"]
[PlyCount "46"]
[GameId "2160767910353905"]
[EventDate "2008.07.14"]
[EventType "swiss"]
[EventRounds "7"]
[EventCountry "CAN"]
[SourceTitle "EXT 2011"]
[Source "ChessBase"]
[SourceDate "2011.11.26"]
[SourceVersion "1"]
[SourceVersionDate "2011.11.26"]
[SourceQuality "1"]

1. e4 e5 2. Nf3 Nc6 3. c4 Nf6 4. Nc3 Bb4 5. a3 Bxc3 6. dxc3 O-O 7. Bg5 h6 8. Bh4 d6 9. c5 dxc5 10. Qxd8 Rxd8 11. Bb5 Bd7 12. O-O g5 13. Bxg5 hxg5 14. Nxg5 Nh7 15. Nxh7 Kxh7 16. Rad1 a6 17. Bc4 Be8 18. Bd5 Rab8 19. Rd2 Ne7 20. Re1 c6 21. Re3 cxd5 22. Rg3 dxe4 23. Re2 Rd1+ 0-1

[Event "CYCC U10"]
[Site "Quebec CAN"]
[Date "2008.07.15"]
[Round "3"]
[White "Liu, Peter"]
[Black "Gagne, Cory"]
[Result "1-0"]
[WhiteElo "799"]
[BlackElo "938"]
[PlyCount "43"]
[GameId "2160767910353906"]
[EventDate "2008.07.14"]
[EventType "swiss"]
[EventRounds "7"]
[EventCountry "CAN"]
[SourceTitle "EXT 2011"]
[Source "ChessBase"]
[SourceDate "2011.11.26"]
[SourceVersion "1"]
[SourceVersionDate "2011.11.26"]
[SourceQuality "1"]

1. e4 e5 2. Nf3 Nf6 3. Nc3 Nc6 4. Bb5 d6 5. Bxc6+ bxc6 6. O-O Qd7 7. d3 Ba6 8. Bg5 Qg4 9. h3 Qh5 10. g4 Nxg4 11. hxg4 Qxg4+ 12. Kh1 h6 13. Be3 h5 14. Nh2 Qg6 15. Rg1 Qf6 16. Bg5 Qxf2 17. Qf1 Qd2 18. Bxd2 O-O-O 19. Qxf7 d5 20. exd5 cxd5 21. Nxd5 h4 22. Qxc7# 1-0

[Event "CYCC U10"]
[Site "Quebec CAN"]
[Date "2008.07.15"]
[Round "3"]
[White "Saravanabava, Prathyakshan"]
[Black "Zhu, Hong Rui"]
[Result "0-1"]
[WhiteElo "1160"]
[BlackElo "1636"]
[PlyCount "132"]
[GameId "2160767910353907"]
[EventDate "2008.07.14"]
[EventType "swiss"]
[EventRounds "7"]
[EventCountry "CAN"]
[SourceTitle "EXT 2011"]
[Source "ChessBase"]
[SourceDate "2011.11.26"]
[SourceVersion "1"]
[SourceVersionDate "2011.11.26"]
[SourceQuality "1"]

1. e4 c5 2. Nf3 Nc6 3. d4 cxd4 4. Nxd4 g6 5. Bc4 Bg7 6. c3 d6 7. Be3 Nf6 8. Nd2 O-O 9. O-O Bd7 10. f4 Kh8 11. Rb1 a6 12. a4 Rc8 13. Qc2 Nxd4 14. Bxd4 Bc6 15. Ba2 Qd7 16. a5 Qe8 17. b4 e5 18. fxe5 dxe5 19. Bc5 Rg8 20. Rbe1 Bd7 21. Nc4 Be6 22. Nd6 Qd7 23. Bxe6 Qxe6 24. Nxc8 Rxc8 25. h3 Nh5 26. Re2 Ng3 27. Rd2 Nxf1 28. Kxf1 Bh6 29. Rd6 Qe8 30. Qf2 Bf8 31. Rf6 Qb5+ 32. Ke1 Bxc5 33. bxc5 Qxc5 34. Qxc5 Rxc5 35. Rxf7 Rxc3 36. Rxb7 Rc5 37. Kd2 Rxa5 38. Ke3 Ra3+ 39. Kf2 a5 40. Rb5 Kg7 41. Rxe5 Kf6 42. Rc5 a4 43. e5+ Ke6 44. Ke2 Ra1 45. Kd3 Rg1 46. Kd4 Rxg2 47. Rc6+ Kd7 48. Rd6+ Ke7 49. Kc5 Rg3 50. Ra6 Rxh3 51. Rxa4 Ke6 52. Re4 Rd3 53. Rh4 Rd5+ 54. Kc4 h5 55. Rh3 Rxe5 56. Rg3 Kf6 57. Kd4 Re8 58. Re3 Rxe3 59. Kxe3 Kf5 60. Kf3 g5 61. Kg3 g4 62. Kg2 Kf4 63. Kh2 Kf3 64. Kg1 g3 65. Kf1 g2+ 66. Ke1 g1=Q+ 0-1

[Event "CYCC U10"]
[Site "Quebec CAN"]
[Date "2008.07.15"]
[Round "3"]
[White "Yu, Patrick"]
[Black "Rathburn-MacKay, Hector"]
[Result "0-1"]
[WhiteElo "1502"]
[BlackElo "1321"]
[PlyCount "80"]
[GameId "2160767910353909"]
[EventDate "2008.07.14"]
[EventType "swiss"]
[EventRounds "7"]
[EventCountry "CAN"]
[SourceTitle "EXT 2011"]
[Source "ChessBase"]
[SourceDate "2011.11.26"]
[SourceVersion "1"]
[SourceVersionDate "2011.11.26"]
[SourceQuality "1"]

1. e4 g6 2. Nf3 Bg7 3. d4 d6 4. Nc3 a6 5. Be3 b5 6. Bd3 Bb7 7. Ne2 Nf6 8. Ng3 Nbd7 9. O-O h5 10. Nh4 Ng4 11. Qe2 Nxe3 12. fxe3 c5 13. Qf2 O-O 14. c4 Qb6 15. Ne2 e5 16. d5 bxc4 17. Bxc4 Qb4 18. b3 Nf6 19. Ng3 Ng4 20. Qe2 Bh6 21. Rf3 Qc3 22. Re1 Bg5 23. Nhf5 gxf5 24. Nxf5 Bc8 25. Nxd6 Bd7 26. h3 Kg7 27. Nf5+ Bxf5 28. exf5 e4 29. Rg3 Kf6 30. hxg4 Bh4 31. g5+ Kg7 32. d6 Bxg3 33. Rd1 Rh8 34. f6+ Kf8 35. d7 Rd8 36. Bxa6 Rg8 37. Qxh5 Qxe3+ 38. Kh1 Qxg5 39. Qe2 Qh4+ 40. Kg1 Qh2+ 0-1

[Event "CYCC U10"]
[Site "Quebec CAN"]
[Date "2008.07.15"]
[Round "4"]
[White "De Forest, David"]
[Black "Saravanabava, Prathyakshan"]
[Result "0-1"]
[WhiteElo "1233"]
[BlackElo "1160"]
[PlyCount "102"]
[GameId "2160767910353911"]
[EventDate "2008.07.14"]
[EventType "swiss"]
[EventRounds "7"]
[EventCountry "CAN"]
[SourceTitle "EXT 2011"]
[Source "ChessBase"]
[SourceDate "2011.11.26"]
[SourceVersion "1"]
[SourceVersionDate "2011.11.26"]
[SourceQuality "1"]

1. e4 e5 2. Nf3 Nc6 3. Bb5 Nd4 4. Nxd4 exd4 5. O-O Ne7 6. Bc4 c6 7. Qf3 d5 8. Bb3 Qd6 9. g3 g6 10. Re1 Qe6 11. e5 Bg7 12. Qe2 c5 13. Qb5+ Bd7 14. Qxc5 Bxe5 15. Bxd5 Nxd5 16. c4 dxc3 17. Nxc3 Bc6 18. d4 f6 19. dxe5 Ne7 20. Bh6 Qh3 21. Ne4 f5 22. f3 fxe4 23. Bg5 Qd7 24. Rad1 Qc7 25. Qd6 Qxd6 26. exd6 Nf5 27. fxe4 Ng7 28. Be7 Ne6 29. Bf6 Rf8 30. e5 Nc5 31. e6 Rxf6 32. d7+ Ke7 33. Re5 Nxe6 34. g4 Bxd7 35. g5 Rf5 36. Rxf5 gxf5 37. Re1 Rg8 38. h4 h6 39. Re2 hxg5 40. h5 Rh8 41. Rh2 g4 42. Kg2 Rxh5 43. Rxh5 Nf4+ 44. Kg3 Nxh5+ 45. Kg2 f4 46. Kh2 f3 47. Kg1 g3 48. Kh1 Bc6 49. Kg1 f2+ 50. Kf1 Bb5+ 51. Kg2 f1=Q# 0-1

[Event "CYCC U10"]
[Site "Quebec CAN"]
[Date "2008.07.15"]
[Round "4"]
[White "Dorrance, Adam"]
[Black "Berube, Pascal"]
[Result "1-0"]
[WhiteElo "1640"]
[BlackElo "808"]
[PlyCount "65"]
[GameId "2160767910353912"]
[EventDate "2008.07.14"]
[EventType "swiss"]
[EventRounds "7"]
[EventCountry "CAN"]
[SourceTitle "EXT 2011"]
[Source "ChessBase"]
[SourceDate "2011.11.26"]
[SourceVersion "1"]
[SourceVersionDate "2011.11.26"]
[SourceQuality "1"]

1. d4 d5 2. Nf3 Nf6 3. g3 Nc6 4. Bg2 Bg4 5. O-O Bxf3 6. Bxf3 e5 7. c3 e4 8. Bg2 Qe7 9. Bg5 h6 10. Bxf6 Qxf6 11. Nd2 Bd6 12. e3 O-O 13. c4 dxc4 14. Nxe4 Qe6 15. d5 Qd7 16. dxc6 Qxc6 17. Nf6+ gxf6 18. Bxc6 bxc6 19. Qg4+ Kh7 20. Qxc4 Be5 21. Rab1 Rfb8 22. Qxc6 f5 23. Qd5 Re8 24. Qxf7+ Bg7 25. Qxf5+ Kh8 26. Rbd1 Rf8 27. Qb1 Rab8 28. Rd7 Rxb2 29. Qg6 Rg8 30. Rfd1 Rxa2 31. Rd8 Ra6 32. Rxg8+ Kxg8 33. Rd8# 1-0

[Event "CYCC U10"]
[Site "Quebec CAN"]
[Date "2008.07.15"]
[Round "4"]
[White "Feng, Bob"]
[Black "Jensen, Jacob"]
[Result "0-1"]
[WhiteElo "1238"]
[BlackElo "1569"]
[PlyCount "72"]
[GameId "2160767910353913"]
[EventDate "2008.07.14"]
[EventType "swiss"]
[EventRounds "7"]
[EventCountry "CAN"]

1. e4 c5 2. f4 d6 3. Bb5+ Bd7 4. Bxd7+ Qxd7 5. Nf3 Nc6 6. Nc3 g6 7. O-O Bg7 8. d3 Nf6 9. Re1 O-O 10. Be3 Rac8 11. Qe2 Ng4 12. h3 Nxe3 13. Qxe3 Nd4 14. Rac1 a6 15. Ne2 Nxf3+ 16. Qxf3 Bxb2 17. Rb1 Bd4+ 18. Nxd4 cxd4 19. Re2 Rc7 20. Qf2 Qa4 21. Rb2 Rfc8 22. Rd2 b5 23. Kh2 Rc3 24. Re2 Qa3 25. Rb3 Qxa2 26. Rxc3 Rxc3 27. Qxd4 Rxc2 28. Rxc2 Qxc2 29. Qa7 Qxd3 30. Qxa6 Qxe4 31. Qxb5 Qxf4+ 32. Kh1 Qe5 33. Qxe5 dxe5 34. Kg1 Kg7 35. Kf2 f5 36. Ke3 Kf6 0-1

[Event "CYCC U10"]
[Site "Quebec CAN"]
[Date "2008.07.15"]
[Round "4"]
[White "Gu, Sheng Ming"]
[Black "Andronescu, Tiberiu"]
[Result "1-0"]
[WhiteElo "1398"]
[BlackElo "1151"]
[PlyCount "53"]
[GameId "2160767910353915"]
[EventDate "2008.07.14"]
[EventType "swiss"]
[EventRounds "7"]
[EventCountry "CAN"]
[SourceTitle "EXT 2011"]
[Source "ChessBase"]
[SourceDate "2011.11.26"]
[SourceVersion "1"]
[SourceVersionDate "2011.11.26"]
[SourceQuality "1"]

1. e4 c5 2. Nf3 a6 3. d4 cxd4 4. Nxd4 e5 5. Nf3 Nc6 6. Bc4 Nf6 7. O-O Bc5 8. Bg5 h6 9. Bh4 b5 10. Bd5 Bb7 11. Nxe5 Nxe5 12. Bxb7 Ra7 13. Bd5 Qc7 14. Bxf6 gxf6 15. Nc3 Rg8 16. h3 d6 17. Bb3 Qd7 18. Kh2 Rg6 19. f4 Nc4 20. Bxc4 bxc4 21. Qe2 Qb7 22. Na4 Bd4 23. c3 Qc6 24. cxd4 Qxa4 25. d5 Re7 26. Qf3 Qd7 27. f5 1-0

[Event "CYCC U10"]
[Site "Quebec CAN"]
[Date "2008.07.15"]
[Round "4"]
[White "Jean, Justin"]
[Black "Gagne, Cory"]
[Result "1-0"]
[WhiteElo "1305"]
[BlackElo "938"]
[PlyCount "55"]
[GameId "2160767910353916"]
[EventDate "2008.07.14"]
[EventType "swiss"]
[EventRounds "7"]
[EventCountry "CAN"]
[SourceTitle "EXT 2011"]
[Source "ChessBase"]
[SourceDate "2011.11.26"]
[SourceVersion "1"]
[SourceVersionDate "2011.11.26"]
[SourceQuality "1"]

1. e4 e5 2. Nf3 Nc6 3. Bc4 Bc5 4. c3 Nf6 5. d4 exd4 6. cxd4 Bd6 7. e5 O-O 8. exd6 cxd6 9. O-O a6 10. Nc3 b5 11. Bd3 Bb7 12. Bg5 b4 13. Ne2 Ng4 14. Bxd8 Raxd8 15. h3 Ne7 16. hxg4 g6 17. Ng3 Bxf3 18. Qxf3 f5 19. gxf5 gxf5 20. Nxf5 Nxf5 21. Bxf5 Rde8 22. Qg4+ Kh8 23. Qh5 Rxf5 24. Qxf5 a5 25. Rfe1 Rxe1+ 26. Rxe1 a4 27. Qf7 h6 28. Re8# 1-0

[Event "CYCC U10"]
[Site "Quebec CAN"]
[Date "2008.07.15"]
[Round "4"]
[White "Liu, Peter"]
[Black "Levesque, Brale"]
[Result "1-0"]
[WhiteElo "799"]
[BlackElo "1226"]
[PlyCount "35"]
[GameId "2160767910353917"]
[EventDate "2008.07.14"]
[EventType "swiss"]
[EventRounds "7"]
[EventCountry "CAN"]
[SourceTitle "EXT 2011"]
[Source "ChessBase"]
[SourceDate "2011.11.26"]
[SourceVersion "1"]
[SourceVersionDate "2011.11.26"]
[SourceQuality "1"]

1. e4 e5 2. Nf3 Nc6 3. Bb5 f6 4. Nc3 Bc5 5. O-O d6 6. Bxc6+ bxc6 7. d3 d5 8. exd5 cxd5 9. Re1 Qd6 10. d4 Bb6 11. dxe5 Qc5 12. Be3 Qe7 13. Bxb6 f5 14. Nxd5 Qd7 15. Nxc7+ Ke7 16. Nxa8 Qb7 17. Bc5+ Ke6 18. Ng5# 1-0

[Event "CYCC U10"]
[Site "Quebec CAN"]
[Date "2008.07.15"]
[Round "4"]
[White "McCleary, Reuben"]
[Black "Herdin, Matthew"]
[Result "1/2-1/2"]
[WhiteElo "1341"]
[BlackElo "1228"]
[PlyCount "60"]
[GameId "2160767910353918"]
[EventDate "2008.07.14"]
[EventType "swiss"]
[EventRounds "7"]
[EventCountry "CAN"]
[SourceTitle "EXT 2011"]
[Source "ChessBase"]
[SourceDate "2011.11.26"]
[SourceVersion "1"]
[SourceVersionDate "2011.11.26"]
[SourceQuality "1"]

1. e4 e6 2. d4 d5 3. Nc3 dxe4 4. Nxe4 b6 5. Nf3 Bb7 6. Bd3 Nd7 7. O-O Be7 8. Bf4 Ngf6 9. Re1 Nxe4 10. Bxe4 Bxe4 11. Rxe4 Nf6 12. Re1 O-O 13. Ne5 Bd6 14. Nc6 Qd7 15. Bxd6 cxd6 16. Nb4 d5 17. Nd3 Qc6 18. Ne5 Nd7 19. f4 Nxe5 20. fxe5 f6 21. c3 fxe5 22. Rxe5 Rf6 23. Qe2 Re8 24. Rf1 Rxf1+ 25. Kxf1 Qd7 26. b3 Qc6 27. c4 dxc4 28. bxc4 Rf8+ 29. Kg1 Qd7 30. d5 exd5 1/2-1/2

[Event "CYCC U10"]
[Site "Quebec CAN"]
[Date "2008.07.15"]
[Round "4"]
[White "Plotkin, Mark"]
[Black "Zhu, Hong Rui"]
[Result "0-1"]
[WhiteElo "1470"]
[BlackElo "1636"]
[PlyCount "137"]
[GameId "2160767910353919"]
[EventDate "2008.07.14"]
[EventType "swiss"]
[EventRounds "7"]
[EventCountry "CAN"]
[SourceTitle "EXT 2011"]
[Source "ChessBase"]
[SourceDate "2011.11.26"]
[SourceVersion "1"]
[SourceVersionDate "2011.11.26"]
[SourceQuality "1"]

1. e4 c5 2. c3 d5 3. exd5 Qxd5 4. d4 Nf6 5. dxc5 Qxc5 6. Be3 Qd5 7. Qxd5 Nxd5 8. Nf3 Nxe3 9. fxe3 e6 10. Bc4 Bc5 11. Kf2 Nc6 12. Nbd2 Ke7 13. Rad1 Bd7 14. Ne4 Bb6 15. Nd6 Bc7 16. Nxf7 Rhf8 17. N7g5 Ne5 18. Be2 h6 19. Nh3 Ng4+ 20. Kg1 Nxe3 21. Rd3 Bb6 22. Nd4 Nf5 23. Nf4 Rf6 24. g3 Bc6 25. Bf3 Nxd4 26. cxd4 Bxf3 27. Rxf3 Bxd4+ 28. Kg2 Rc8 29. Re1 Rc2+ 30. Kh3 Kd6 31. Rb3 Rxb2 32. Rxb2 Bxb2 33. Rb1 Be5 34. Nd3 b6 35. Rb4 Rf3 36. Rb3 Bd4 37. Kg4 Rf5 38. Nf4 Rg5+ 39. Kf3 e5 40. Nh3 Rf5+ 41. Kg2 g5 42. g4 Rf7 43. Ra3 a5 44. Rd3 Kc5 45. a3 Kc4 46. Rg3 e4 47. Ng1 Bxg1 48. Kxg1 Rf3 49. Rg2 Rxa3 50. Rb2 b5 51. Re2 e3 52. Kg2 b4 53. h4 b3 54. hxg5 hxg5 55. Rxe3 b2 56. Rxa3 b1=Q 57. Rxa5 Qe4+ 58. Kf2 Qf4+ 59. Ke1 Qe3+ 60. Kf1 Qf3+ 61. Kg1 Qxg4+ 62. Kf2 Qh4+ 63. Kf3 g4+ 64. Ke2 Qh2+ 65. Ke3 g3 66. Rg5 Qh6 67. Kf3 Qxg5 68. Kg2 Qg4 69. Kf1 0-1

[Event "CYCC U10"]
[Site "Quebec CAN"]
[Date "2008.07.15"]
[Round "4"]
[White "Preotu, Razvan"]
[Black "Song, Terry"]
[Result "1/2-1/2"]
[WhiteElo "1526"]
[BlackElo "1435"]
[PlyCount "62"]
[GameId "2160767910353920"]
[EventDate "2008.07.14"]
[EventType "swiss"]
[EventRounds "7"]
[EventCountry "CAN"]
[SourceTitle "EXT 2011"]
[Source "ChessBase"]
[SourceDate "2011.11.26"]
[SourceVersion "1"]
[SourceVersionDate "2011.11.26"]
[SourceQuality "1"]

1. e4 e5 2. Nf3 Nc6 3. Bc4 Nf6 4. d3 Bc5 5. O-O d6 6. h3 Be6 7. Bb3 O-O 8. Bg5 h6 9. Bh4 g5 10. Bxe6 fxe6 11. Bg3 Nh5 12. Bh2 Nf4 13. Bxf4 Rxf4 14. c3 d5 15. exd5 exd5 16. Nbd2 e4 17. dxe4 dxe4 18. Qb3+ Kh8 19. Qxb7 exf3 20. Qxc6 fxg2 21. Kxg2 Rxf2+ 22. Rxf2 Bxf2 23. Qxh6+ Kg8 24. Qg6+ Kh8 25. Ne4 Bh4 26. Rf1 Qg8 27. Qc6 Rb8 28. Rf6 Rxb2+ 29. Kf3 g4+ 30. hxg4 Bxf6 31. Qxf6+ Qg7 1/2-1/2

[Event "CYCC U10"]
[Site "Quebec CAN"]
[Date "2008.07.15"]
[Round "4"]
[White "Rathburn-MacKay, Hector"]
[Black "Doknjas, John"]
[Result "1/2-1/2"]
[WhiteElo "1321"]
[BlackElo "1615"]
[PlyCount "67"]
[GameId "2160767910353921"]
[EventDate "2008.07.14"]
[EventType "swiss"]
[EventRounds "7"]
[EventCountry "CAN"]
[SourceTitle "EXT 2011"]
[Source "ChessBase"]
[SourceDate "2011.11.26"]
[SourceVersion "1"]
[SourceVersionDate "2011.11.26"]
[SourceQuality "1"]

1. e4 e6 2. d4 d5 3. Nd2 dxe4 4. Nxe4 Nd7 5. Nf3 Be7 6. Bd3 Ngf6 7. Ng3 b6 8. O-O O-O 9. c3 Bb7 10. Re1 c5 11. Qe2 cxd4 12. cxd4 Nd5 13. a3 Qc7 14. Qc2 Qxc2 15. Bxc2 Rac8 16. Bd3 Bd6 17. Ne4 Bf4 18. Bxf4 Nxf4 19. Bb5 Nf6 20. Nd6 Rc7 21. Nxb7 Rxb7 22. Rac1 N4d5 23. Ba6 Rc7 24. h3 Rd8 25. Bd3 Rdc8 26. Rxc7 Rxc7 27. g3 Kf8 28. Kf1 h6 29. Ke2 Ke7 30. Kd2 Ne8 31. Rc1 Rxc1 32. Kxc1 Kf6 33. Ne5 Nd6 34. Kd2 1/2-1/2

[Event "CYCC U10"]
[Site "Quebec CAN"]
[Date "2008.07.15"]
[Round "4"]
[White "Tomelden, West"]
[Black "Yu, Patrick"]
[Result "0-1"]
[WhiteElo "966"]
[BlackElo "1502"]
[PlyCount "82"]
[GameId "2160767910353923"]
[EventDate "2008.07.14"]
[EventType "swiss"]
[EventRounds "7"]
[EventCountry "CAN"]
[SourceTitle "EXT 2011"]
[Source "ChessBase"]
[SourceDate "2011.11.26"]
[SourceVersion "1"]
[SourceVersionDate "2011.11.26"]
[SourceQuality "1"]

1. e4 c5 2. Nc3 d6 3. Bc4 e6 4. d3 a6 5. d4 cxd4 6. Qxd4 Nc6 7. Qd1 Nf6 8. Nf3 Be7 9. Bg5 h6 10. Bh4 Bd7 11. O-O O-O 12. h3 Rc8 13. Bb3 b5 14. a3 Na5 15. Qe2 e5 16. Rad1 Nxb3 17. cxb3 Be6 18. b4 Bc4 19. Qe3 Bxf1 20. Rxf1 Nd7 21. Nd5 Bxh4 22. Nxh4 Qxh4 23. Qg3 Qxg3 24. fxg3 Kh8 25. g4 Rc2 26. b3 Kg8 27. a4 Re2 28. axb5 axb5 29. Nc7 Rxe4 30. Nxb5 Rxb4 31. Nxd6 Rxb3 32. Nf5 Rfb8 33. Ne7+ Kf8 34. Rf3 Rxf3 35. Nc6 Rb1+ 36. Kh2 Rc3 37. Nxe5 Nxe5 38. g5 Rb2 39. gxh6 gxh6 40. h4 Ng4+ 41. Kg1 Rc1# 0-1

[Event "CYCC U10"]
[Site "Quebec CAN"]
[Date "2008.07.15"]
[Round "4"]
[White "Yang, Bryant"]
[Black "Brichko, Michael"]
[Result "0-1"]
[WhiteElo "1348"]
[BlackElo "1541"]
[PlyCount "126"]
[GameId "2160767910353925"]
[EventDate "2008.07.14"]
[EventType "swiss"]
[EventRounds "7"]
[EventCountry "CAN"]
[SourceTitle "EXT 2011"]
[Source "ChessBase"]
[SourceDate "2011.11.26"]
[SourceVersion "1"]
[SourceVersionDate "2011.11.26"]
[SourceQuality "1"]

1. d4 d5 2. c4 c6 3. Nf3 Nf6 4. Bg5 Nbd7 5. Nc3 e6 6. e3 Be7 7. Bd3 dxc4 8. Bxc4 b5 9. Bd3 b4 10. Ne4 O-O 11. O-O Bb7 12. Rc1 Rc8 13. Nc5 Nxc5 14. dxc5 Qa5 15. Qc2 h6 16. Bh4 Ra8 17. b3 Ba6 18. Bxa6 Qxa6 19. Rfd1 Rad8 20. h3 Qb7 21. Rd4 Rxd4 22. Nxd4 Nd5 23. Bxe7 Nxe7 24. Rd1 Rd8 25. Nf3 Rxd1+ 26. Qxd1 Nd5 27. Qc2 Nc3 28. a4 Qe7 29. Qd3 Qxc5 30. Nd2 Qd5 31. Qxd5 cxd5 32. Kf1 Kf8 33. Ke1 Ke7 34. Nf3 Kd6 35. Kd2 Ne4+ 36. Ke2 f6 37. Nd2 Nc5 38. f3 e5 39. h4 h5 40. g4 g6 41. gxh5 gxh5 42. Kd1 d4 43. exd4 exd4 44. Ke2 Ke5 45. Kf2 Kf4 46. Ne4 Nxe4+ 47. fxe4 Kxe4 48. Ke2 d3+ 49. Kd2 Kd4 50. Kd1 Kc3 51. Kc1 d2+ 52. Kd1 a5 53. Ke2 Kc2 54. Kf3 d1=Q+ 55. Kf4 Qg4+ 56. Ke3 Kxb3 57. Kd3 Kxa4 58. Kc2 Qg3 59. Kd2 Qf3 60. Kc2 Qc3+ 61. Kb1 Qd2 62. Ka1 Ka3 63. Kb1 Qd1# 0-1

[Event "CYCC U10"]
[Site "Quebec CAN"]
[Date "2008.07.16"]
[Round "5"]
[White "Berube, Pascal"]
[Black "McCleary, Reuben"]
[Result "0-1"]
[WhiteElo "808"]
[BlackElo "1341"]
[PlyCount "54"]
[GameId "2160767910353926"]
[EventDate "2008.07.14"]
[EventType "swiss"]
[EventRounds "7"]
[EventCountry "CAN"]
[SourceTitle "EXT 2011"]
[Source "ChessBase"]
[SourceDate "2011.11.26"]
[SourceVersion "1"]
[SourceVersionDate "2011.11.26"]
[SourceQuality "1"]

1. e4 e6 2. Nc3 d5 3. Bb5+ Bd7 4. Bxd7+ Nxd7 5. Nf3 Ngf6 6. d3 Bb4 7. Bd2 Bxc3 8. Bxc3 dxe4 9. dxe4 Nxe4 10. Bxg7 Rg8 11. Bd4 Rxg2 12. Qe2 Nef6 13. Nh4 Rg4 14. Nf3 Re4 15. Be3 Nd5 16. Ng5 Rb4 17. Nxh7 Nxe3 18. fxe3 Qh4+ 19. Qf2 Qxh7 20. Rg1 O-O-O 21. O-O-O Qf5 22. Qd2 c5 23. Rgf1 Qd5 24. Qf2 Qxa2 25. c3 Qa1+ 26. Kc2 Qxb2+ 27. Kd3 Ne5# 0-1